Wait and see in Portugal (Record no. 83764)
[ view plain ]
| 000 -LEADER | |
|---|---|
| fixed length control field | 00937cab a22001935a 4500 |
| 001 - CONTROL NUMBER | |
| control field | L154968 |
| 008 - FIXED-LENGTH DATA ELEMENTS--GENERAL INFORMATION | |
| fixed length control field | 120213s2012 xxk 000 0 eng d |
| 035 ## - SYSTEM CONTROL NUMBER | |
| System control number | (Sirsi) u154968 |
| 041 0# - LANGUAGE CODE | |
| Language code of text/sound track or separate title | eng |
| 110 2# - MAIN ENTRY--CORPORATE NAME | |
| Corporate name or jurisdiction name as entry element | EuroProperty |
| 9 (RLIN) | 1216 |
| 245 00 - TITLE STATEMENT | |
| Title | Wait and see in Portugal |
| 260 ## - PUBLICATION, DISTRIBUTION, ETC. | |
| Date of publication, distribution, etc. | 2012 |
| 490 #0 - SERIES STATEMENT | |
| Series statement | EuroProperty |
| Volume/sequential designation | 6 February 2012, 6-7(2) |
| 520 ## - SUMMARY, ETC. | |
| Summary, etc. | Although yields for prime retail centres are expected to adjust from around 6.5% to around 7% in the coming months, Portugal's real estate market is still not prepared to open its doors to opportunistic investors, with sellers preferring to retain their prime assets rather than face heavy losses. Real estate investment fell by 70% in 2011 over 2010 and foreign investment only accounted for 21% of the total invested, Euros 200m, the lowest figure registered over the past 20 years. |
| 590 ## - LOCAL NOTE (RLIN) | |
| Local note | KA |
| 651 #4 - SUBJECT ADDED ENTRY--GEOGRAPHIC NAME | |
| Geographic name | Portugal |
| 690 ## - LOCAL SUBJECT ADDED ENTRY--TOPICAL TERM (OCLC, RLIN) | |
| Topical term or geographic name as entry element | Commercial property |
| 9 (RLIN) | 6227 |
| 942 ## - ADDED ENTRY ELEMENTS (KOHA) | |
| Suppress in OPAC | 0 |
| Withdrawn status | Lost status | Source of classification or shelving scheme | Damaged status | Not for loan | Home library | Current library | Shelving location | Date acquired | Total Checkouts | Full call number | Barcode | Date last seen | Copy number | Price effective from | Koha item type |
|---|---|---|---|---|---|---|---|---|---|---|---|---|---|---|---|
| Dewey Decimal Classification | London | London | Journal article | 13/02/2012 | L154968 | 154968-1001 | 06/08/2019 | 1 | 06/08/2019 | Journal article |